|
|
|
|
| LEADER |
00000nam a2200000 a 4500 |
| 001 |
vtls010583471 |
| 003 |
SK-MaSNL |
| 005 |
20260302023802.0 |
| 008 |
240313s2013 xr ao g 001 0 slo |
| 015 |
|
|
|a SNBZSA2014-001681
|
| 020 |
|
|
|a 9788074513466
|q (brož.)
|
| 040 |
|
|
|a SNK
|b slo
|c SNK
|e AACR2
|
| 041 |
0 |
|
|a slo
|
| 044 |
|
|
|a xr
|c CZ
|
| 072 |
|
7 |
|a 615.8
|x Fyzioterapia. Psychoterapia. Alternatívna medicína
|2 konspekt
|
| 080 |
|
|
|a 633.88
|2 2001
|
| 080 |
|
|
|a 615.89:633.88
|2 2001
|
| 080 |
|
|
|a 615.89
|2 2001
|
| 080 |
|
|
|a (035)
|2 2001
|
| 100 |
1 |
|
|a Dugas, Dionýz,
|d 1941-
|4 aut
|9 105914
|
| 245 |
1 |
0 |
|a Naše najlepšie bylinky
|c Dionýz Dugas
|
| 260 |
|
|
|a Praha
|b Ottovo nakladatelství
|c 2013
|
| 300 |
|
|
|a 159 s.
|b fotogr., ilustr.
|c 19 cm
|
| 490 |
1 |
|
|a Babičkin receptár
|
| 504 |
|
|
|a Register latinských, slovenských a ľudových názvov
|
| 650 |
0 |
7 |
|a liečivé rastliny
|2 SNKPH
|9 3510
|
| 650 |
0 |
7 |
|a Medicinal plants
|2 SNKPHeng
|9 276162
|
| 650 |
0 |
7 |
|a fytoterapia
|2 SNKPH
|9 1147
|
| 650 |
0 |
7 |
|a Phytotherapy
|2 SNKPHeng
|9 276161
|
| 650 |
0 |
7 |
|a Folk healing
|2 SNKPHeng
|9 313777
|
| 650 |
0 |
7 |
|a ľudové liečiteľstvo
|2 SNKPH
|9 1145
|
| 655 |
|
7 |
|a príručky
|2 SNKPH
|9 74364
|
| 655 |
|
7 |
|a Handbooks, manuals, etc.
|2 SNKPHeng
|9 90964
|
| 830 |
|
0 |
|a Babičkin receptár
|9 331390
|
| 919 |
|
|
|a 978-80-7451-346-6
|
| 958 |
|
|
|a ZS
|
| 958 |
|
|
|a SK
|
| 958 |
|
|
|a CZ
|
| 958 |
|
|
|a MI
|
| 999 |
|
|
|c 1037921
|d 1039851
|
| 952 |
|
|
|a SNK
|b SNK
|y PREZ
|7 0
|p 17A1107098
|o snkSD 83069
|i snk2014/7798
|8 3
|g 3.99
|0 0
|1 0
|4 0
|d 2014-03-17
|l 0
|r 2025-12-04 00:00:00
|w 2026-02-24
|
| 952 |
|
|
|a SNK
|b SNK
|y VYP
|7 0
|p 17A1177769
|o snkSD 83069 D1
|i snk2016/1525
|8 4
|g 2.79
|0 0
|1 0
|4 0
|d 2016-01-18
|l 0
|r 2017-06-30 00:00:00
|w 2026-02-24
|